| 000 | 00561cam a2200145K 4500 | ||
|---|---|---|---|
| 082 | 0 | 4 |
_a355.00941 _bBUT |
| 100 | 1 |
_aButler, William Francis, _949312 |
|
| 245 | 1 | 4 |
_aThe campaign of the cataracts _bbeing a personal narrative of the great Nile expedition of 1884-5. |
| 260 |
_aLondon, _bSampson Low, Marston, Searle & Rivington, _c1887. |
||
| 300 |
_a1 online resource (389 p.) _billus., fold. map. |
||
| 526 |
_a0 _b0 _c0 _d355_009410000000000_BUT |
||
| 650 |
_aMCE _9379 |
||
| 856 | 4 | 0 | _uhttp://catalog.hathitrust.org/api/volumes/oclc/1359823.html |
| 942 |
_2ddc _cBK |
||
| 999 |
_c552093 _d552093 |
||